PENILAIAN PELAKSANAAN PROGRAM KEAGAMAAN TERHADAP PENGIMARAHAN MASJID ANGKATAN TENTERA MALAYSIA

Bibliographic Details
Main Author: KAMARULZAMAN BIN ISA (Author)
Format: Book
Published: Selangor ; Universiti Pendidikan Sultan Idris , 2024
Subjects:
LEADER 00853cam a2200229 i 4500
001 0000150694
005 20260210090000.0
008 260210 20242024my #
040 |a KPM  |b eng  |c KPM  |e rda 
090 0 0 |b KAMI  |d TH  |e 2024 
100 1 |a KAMARULZAMAN BIN ISA,  |e author 
245 1 0 |a PENILAIAN PELAKSANAAN PROGRAM KEAGAMAAN TERHADAP PENGIMARAHAN MASJID ANGKATAN TENTERA MALAYSIA  |c KAMARULZAMAN BIN ISA 
264 1 |a Selangor ;  |b Universiti Pendidikan Sultan Idris ,  |c 2024 
300 |a xvi, 239 pages ;  |c 30 cm 
336 |a text  |2 rdacontent 
337 |a unmediated  |2 rdamedia 
338 |a volume  |2 rdacarrier 
504 |a includes biblographical references and index 
650 1 0 |a Dissertation Academic  |z Malaysia 
650 1 0 |a Thesis  
852 1 |a 01 
999 |a TH0026887  |b KEMENTAH  |d THESIS  |e Thesis  |f Perpustakaan KEMENTAH  |j FINAL PROCESSING  |q GOOD CONDITION